Statistiken für Größte Städte in Baden-Württemberg Vol. 2

Klicken Sie hier um das Quiz zu spielen!

Allgemein

  • Dieses Quiz wurde 275 mal gespielt
  • Das Durchschnittsergebnis liegt bei 15 aus 33

Antwortstatistiken

EinwohnerGroße Kreisstadt% Korrekt
48.307Lörrach
70%
37.452Schwäbisch Hall
68%
46.419Heidenheim an der Brenz
67%
47.110Rastatt
61%
49.098Ravensburg
59%
34.674Sinsheim
59%
32.829Crailsheim
56%
33.394Tuttlingen
56%
34.077Kehl
55%
42.871Bruchsal
54%
46.714Böblingen
53%
45.458Leonberg
51%
34.990Backnang
49%
33.270Balingen
48%
39.755Nürtingen
48%
44.631Filderstadt
46%
43.728Lahr/Schwarzwald
45%
42.210Bietigheim-Bissingen
44%
44.056Albstadt
43%
38.431Schorndorf
43%
44.403Fellbach
42%
30.373Herrenberg
40%
41.718Rottenburg am Neckar
40%
43.624Weinheim
37%
38.819Ettlingen
36%
37.609Leinfelden-Echterdingen
34%
30.271Radolfzell am Bodensee
33%
37.085Ostfildern
31%
32.177Kornwestheim
29%
45.717Singen (Hohentwiel)
24%
39.389Kirchheim unter Teck
22%
32.245Rheinfelden (Baden)
19%
31.419Biberach an der Riß
16%

Verteilung der Resultate

Perzentil nach korrekt beantworteten Fragen

Anzahl Personen mit jedem Resultat

Ihre Resultats-Entwicklung

Sie haben dieses Quiz noch nicht gespielt